Приказки (Запис номер 9926)
[ съкратено ]
| 000 -Лидер | |
|---|---|
| Контролно поле с фиксирана дължина | 01523nam a2200385 a 4500 |
| 003 - Код на организацията, давaща контролен номер | |
| Контролно поле | BLK |
| 005 - Дата и час на последна редакция | |
| Контролно поле | 20250103112430.0 |
| 008 - Елементи от данни с фиксирана дължина | |
| fixed length control field | 180412b bul|||||r ||||||| ||bul|| |
| 010 ## - Наследен системен номер | |
| LC control number | KNG00011370000 |
| 020 ## - Международен стандартен номер на книга ISBN | |
| Международен стандартен номер на книга ISBN | 954-404-051-Х |
| 020 ## - Международен стандартен номер на книга ISBN | |
| Международен стандартен номер на книга ISBN | 954-404-051-0 |
| 040 ## - Източник на каталожния запис | |
| Идентификатор на билиотеката - собственик на записа | BLK |
| 041 ## - Код за език | |
| Код за езика на текст/звукозапис или на отделно заглавие | Български |
| Код за езика КДБФ | Български |
| 080 ## - УДК | |
| Текстов определител УДК | Българска литература |
| УДК код - определител по УДК | 821.163.2 |
| УДК определител | -93-34 |
| УДК - код + определител | 821.163.2-93-34 |
| 100 ## - Редна дума - Автор | |
| Автор | Елин Пелин |
| Пълна форма на името | Стоянов, Димитър Иванов |
| R(LIN) | 363511 |
| 139 ## - Редно поле | |
| Редна дума | Елин Пелин |
| Авторски знак | Елин Пелин - Е 53 |
| 245 10 - Сведения за заглавието | |
| Заглавие | Приказки |
| Подзаглавни данни | Т. 1 - |
| Редно поле (дума) | Елин Пелин; худож. Костадинка Измирлиева; състав. на том Луко Захариев. |
| Том | Т. 1 |
| 257 ## - Страна на издаване | |
| Страна на създаване/издаване | България |
| 260 ## - Област на издателските данни | |
| Година на издаване | 1993 - |
| 9 (RLIN) | 209609 |
| Място на издаване, разпространение и проч. | София |
| Име на издателя, разпространителя и проч. | Ведрина |
| Издателство - префикс ISBN | 954-404- |
| 300 ## - Физическа характеристика | |
| Размери/Мащаб | 29 см |
| 380 ## - Жанр | |
| Жанр | Детска худож. лит. |
| 653 ## - Ключова дума – ненормативна | |
| Ключова дума | приказки |
| 653 ## - Ключова дума – ненормативна | |
| Ключова дума | литература за деца |
| 653 ## - Ключова дума – ненормативна | |
| Ключова дума | детска литература |
| 700 1# - Други автори (авторска отговорност) | |
| Лично име | Измирлиева, Костадинка |
| Автороска отговорност (Описва отношението между автора и произведението) | худож. |
| 9 (RLIN) | 242487 |
| 700 ## - Други автори (авторска отговорност) | |
| Лично име | Захариев, Луко |
| Дати, свързани с автора | 1945-2005 |
| Друга информация | журналист |
| Пълна форма на името | Цончев, Луко Захариев |
| 9 (RLIN) | 244812 |
| 760 1# - Описание на основната серия | |
| Редна дума на основното описание | Елин Пелин |
| Място на издаване, издател и година | Ведрина, 1993 |
| Страници - том | 151 с. : с цв. ил. |
| Заглавие | Т. 1 |
| 852 ## - Местоположение | |
| Форматна сигнатура | Цб ІІ 16529 |
| 856 4# - Електронен адрес и достъп | |
| Електронен формат | pdf - файл |
| Път до файла /url/ | |
| 856 4# - Електронен адрес и достъп | |
| Електронен формат | pdf - файл |
| Път до файла /url/ | |
| 999 ## - СИСТЕМНИ КОНТРОЛНИ НОМЕРА | |
| Koha biblionumber | 9926 |
| Koha biblioitemnumber | 9926 |
| 942 ## - АРТИКУЛИ | |
| Вид на библиотечния материал | Книги |
| Скрит в OPAC | Не |
| Koha issues (borrowed), all copies | 14 |
| Периодичен библиозапис | Да |
| 944 ## - СЪЗДАВАНЕ И РЕДАКЦИЯ на ЗАПИСА | |
| Създаване/Редакция | Създаване |
| Дата на регистрацията/редакция | 15.01.2003 |
| Статус, дата на статуса | Бояна Костадинова |
| Служител, извършил регистрацията/редакцията | 30551 |
| 944 ## - СЪЗДАВАНЕ И РЕДАКЦИЯ на ЗАПИСА | |
| Създаване/Редакция | Редакция |
| Дата на регистрацията/редакция | 05.06.2017 |
| Статус, дата на статуса | ф / |
| Служител, извършил регистрацията/редакцията | Людмила_Стоянова |
| 999 ## - СИСТЕМНИ КОНТРОЛНИ НОМЕРА | |
| Koha biblioitemnumber | 9926 |
| Код за отписване | Код за изгубен артикул | Източник на класификационната схема | Код за повреда | Коз за рестрикции | Код за отдаване | Артикулен № | Име на библиотеката - собственик | Име на библиотеката, в която се намира в момента | Статус (Текущо местоположение) | Дата на вписване в системата | Местоположение - отдел | Цена в лева | Инвентарен номер | Систематично азбучна сигнатура | Баркод | Номер на екземпляра | Цена в евро | Служебна бележка | Служебен тип на артикула |
|---|---|---|---|---|---|---|---|---|---|---|---|---|---|---|---|---|---|---|---|
| Не е изгубен | Universal Decimal Classification | Не е повреден | само за читалня | ползва се в читалня | 17237 | Регионална библиотека "Любен Каравелов" Русе | Регионална библиотека "Любен Каравелов" Русе | Хранилище | 1993-01-01 | Хранилище | 65.00 | 594614 | Цб ІІ 16529 | 120000594614 | 1 | 33.23 | Дост: Dp Вид: Д N: 7 Дата: 01.01.1993 | Книги | |
| Изтеглен | Не е изгубен | Universal Decimal Classification | Не е повреден | без рестрикции | заемане за дома | 17238 | Регионална библиотека "Любен Каравелов" Русе | Регионална библиотека "Любен Каравелов" Русе | Детски отдел | 1993-01-01 | Детски отдел | 4.55 | 594471 | ДХ 886.7/Е 53 | 594471 | 2 | 2.33 | Дост: Pk Вид: Ф N: стар фонд Дата: 01.01.1993 Дата инв: 17.08.2015 Бележки инв: Д2015 | Книги |
| Не е изгубен | Не е повреден | без рестрикции | заемане за дома | 17239 | Регионална библиотека "Любен Каравелов" Русе | Регионална библиотека "Любен Каравелов" Русе | Детски отдел | 2017-05-26 | Детски отдел | 3.00 | 120000811718 | ДХ 886.7/Е 53 | 120000811718 | 3 | 1.53 | Дост: Pk Вид: Ф N: 490 Дата: 26.05.2017 | Книги | ||
| Не е изгубен | Universal Decimal Classification | Не е повреден | заемане за дома | 727811 | Регионална библиотека "Любен Каравелов" Русе | Регионална библиотека "Любен Каравелов" Русе | Детски отдел | 2019-07-03 | Детски отдел | 4.55 | 120000833056 | ДХ 886.7/Е 53 | 120000833056 | 2.33 | Книги |